Statistics for Most Dangerous Countries

Click here to take the quiz!

General Stats

  • This quiz has been taken 5,977 times
  • The average score is 13 of 20

Answer Stats

HintAnswer% Correct
4Iraq
92%
11Syria
84%
2Afghanistan
83%
10Pakistan
82%
1Somalia
78%
6Russia
75%
7North Korea
75%
3Sudan
71%
17India
71%
13Nigeria
68%
11Libya
68%
5Democratic Republic of the Congo
68%
9Israel
61%
16Yemen
61%
14Chad
57%
15Colombia
55%
8Central African Republic
45%
20Burma
39%
19Zimbabwe
35%
18Georgia
22%

Score Distribution

Percentile by Number Answered

Percent of People with Each Score

Your Score History

You have not taken this quiz